banner-ar

اخضاع النيل لارادة الانسان : السد العالى / (Record no. 45474)

MARC details
000 -الفاتح
حقل البيانات ثابتة الطول 00528nam a2200193Ia 4500
008 - عناصر البيانات ثابتة الطول - معلومات عامة
حقل البيانات ثابتة الطول 140319s9999 xx 000 0 ara d
040 ## - مصدر الفهرسة
وكالة الفهرسة الأصلية GCL /
وكالة النسخ GCL
082 04 - رقم تصنيف ديوى العشرى
رقم التصنيف ق
رقم المادة 962.3
-- ل ا
100 1# - المدخل الرئيسى - إسم شخصى
الإسم الشخصى خيرى حماد
245 10 - بيان العنوان
العنوان اخضاع النيل لارادة الانسان : السد العالى /
بيان المسئوليه,etc خيرى حماد
700 1# - المدخل الاضافى - اسم شخصى
الإسم الشخصى ليتل، توم
300 ## - الوصف المادى
التعداد 260 ص
490 ## - بيان السلسلة
عنوان السلسلة
650 04 - المدخل الاضافى بالموضوع-مصطلح موضوعى
مصطلح موضوعي نهر النيل
650 04 - المدخل الاضافى بالموضوع-مصطلح موضوعى
مصطلح موضوعي السد العالى
650 04 - المدخل الاضافى بالموضوع-مصطلح موضوعى
مصطلح موضوعي اسوان
942 ## - عناصر المدخل الإضافي( كوها)
مصدر التصنيف او مخطط الترفيف Dewey Decimal Classification
Koha [default] item type كتاب
Holdings
حالة التراجع حالة الفقد حالة تلف ليس للاعارة المكان المؤقت الموقع الحالى تاريخ الاكتساب اجمالي اﻻعارات رقم الطلب الباركود تاريخ اخر مشاهدة تاريخ تفعيل السعر نوع وعاء كوها
        مكتبة القاهرة الكبرى مكتبة القاهرة الكبرى 03/26/2014   ق\962.3\ل ا 110933 03/26/2014 03/26/2014 كتاب

Powered By

EGPV